Cigliansky baník : noviny zamestnancov bane Cígeľ.

Uložené v:
Podrobná bibliografia
Predchádzajúci názov:Cigliansky prieboj
Médium: Časopis
Jazyk:Slovak
Vydané: Prievidza : Baňa Cígeľ, 1990-2002.
Tagy: Pridať tag
Žiadne tagy, Buďte prvý kto otaguje tento záznam!

MARC

LEADER 00000nas a22000001a 4500
001 000301201
003 SVKK
005 20230302123601.0
008 980720d19902002xo r|p||| |0 a0slo
040 |a BA001  |b slo  |e AACR2 
041 0 |a slo 
044 |a xo  |c SK 
210 1 |a Ciglian. baník 
245 0 0 |a Cigliansky baník :  |b noviny zamestnancov bane Cígeľ. 
260 |a Prievidza :  |b Baňa Cígeľ,  |c 1990-2002. 
310 |a 1x mesačne 
362 0 |a (1990), č. 10 - 2002  |z BA001/2011 
780 0 0 |t Cigliansky prieboj 
910 |a KE001  |b E.133b 
998 |a SE 
090 |g CASOS  |k Sklad  |a E.133  |j 179082  |i 2720995570  |s Zviazaný časopis 
090 |g CASOS  |k Sklad  |a E.133  |j 184346  |i 2720995575  |s Zviazaný časopis 
090 |g CASOS  |k Sklad  |a E.133  |i 2720995572  |s Zviazaný časopis 
090 |g CASOS  |k Sklad  |a E.133  |i 2720995574  |s Zviazaný časopis 
090 |g CASOS  |k Sklad  |a E.133b  |j 171930  |i 2720995663  |7 Chýbajú čísla 13,18,34  |s Zviazaný časopis 
090 |g CASOS  |k Sklad  |a E.133b  |j 172983  |i 2720995664  |s Zviazaný časopis 
090 |g CASOS  |k Sklad  |a E.133b  |j 174393  |i B122940  |s Zviazaný časopis 
090 |g CASOS  |k Sklad  |a E.133b  |j 185756  |i 2720995666  |s Zviazaný časopis 
090 |g CASOS  |k Sklad  |a E.133b  |j 187606  |i 2720995667  |s Zviazaný časopis 
090 |g CASOS  |k Sklad  |a E.133b  |j 202275  |i 301201-120  |7 Ćasopis zanikol!  |s Zviazaný časopis 
090 |g CASOS  |k Sklad  |a E.133b  |j 207761  |i 301201-130  |s Zviazaný časopis 
090 |g CASOS  |k Sklad  |a E.133b  |i 2720995665  |s Zviazaný časopis 
090 |g CASOS  |k Sklad  |a E.133b  |j 205188  |i 301201-110  |s Zviazaný časopis